Acceso a medicamentos (Registro nro. 31797)

Detalles MARC
000 -LEADER
fixed length control field 00341 a2200121 4500
001 - CONTROL NUMBER
control field ART_48907
005 - DATE AND TIME OF LATEST TRANSACTION
control field 20260410162007.0
008 - FIXED-LENGTH DATA ELEMENTS--GENERAL INFORMATION
fixed length control field 260409a
100 1# - MAIN ENTRY--PERSONAL NAME
Personal name Flah, Lily R.
245 10 - TITLE STATEMENT
Title Acceso a medicamentos
700 1# - ADDED ENTRY--PERSONAL NAME
Personal name Brandolini, Andrés
773 0# - HOST ITEM ENTRY
Title Temas de derecho civil
Related parts - Año 5, N° 4 (abr. 2019)
Record control number REV34778

No hay ítems disponibles.